Tribhuvan University Central Library

An introduction to mathematical methods of physics (Record no. 59595)

MARC details
000 -LEADER
fixed length control field 00615 a2200181 4500
082 ## - DEWEY DECIMAL CLASSIFICATION NUMBER
Classification number 530.15
Item number J12i
100 ## - MAIN ENTRY--PERSONAL NAME
Personal name Jones, Lorella M.
9 (RLIN) 20381
245 ## - TITLE STATEMENT
Title An introduction to mathematical methods of physics
260 ## - PUBLICATION, DISTRIBUTION, ETC.
Place of publication, distribution, etc. California
Name of publisher, distributor, etc. The Benjumin/Cummings Pub.
Date of publication, distribution, etc. 1979
300 ## - PHYSICAL DESCRIPTION
Extent ix,342p. illus.
500 ## - GENERAL NOTE
General note Portions of this text have been adapted from mathematical methods of physics by jon mathew and R.L. Walker
650 ## - SUBJECT ADDED ENTRY--TOPICAL TERM
Topical term or geographic name entry element Mathematical physics
9 (RLIN) 7582
650 ## - SUBJECT ADDED ENTRY--TOPICAL TERM
Topical term or geographic name entry element Vactors
9 (RLIN) 20382
650 ## - SUBJECT ADDED ENTRY--TOPICAL TERM
Topical term or geographic name entry element Integral equations
9 (RLIN) 7733
650 ## - SUBJECT ADDED ENTRY--TOPICAL TERM
Topical term or geographic name entry element Differential equations
9 (RLIN) 46
653 ## - INDEX TERM--UNCONTROLLED
Uncontrolled term Physics
942 ## - ADDED ENTRY ELEMENTS (KOHA)
Source of classification or shelving scheme Dewey Decimal Classification
Koha item type General Collections
Holdings
Withdrawn status Lost status Source of classification or shelving scheme Damaged status Not for loan Home library Current library Date acquired Total Checkouts Full call number Barcode Date last seen Price effective from Koha item type
    Dewey Decimal Classification     Tribhuvan University Central Library Tribhuvan University Central Library 04/21/2011   530.15 J12i g33367 04/21/2011 04/21/2011 General Collections